| 000 | 00921nam a2200265Ia 4500 | ||
|---|---|---|---|
| 005 | 20251020182442.0 | ||
| 008 | 200515s9999 xx 000 0 und d | ||
| 082 | _a528.812/I59 | ||
| 110 | _aInstituto Mario Samamé Boggio | ||
| 245 | 0 | _aGPS - Global Positioning System : Principios básicos y modo diferencial | |
| 260 | _aLima | ||
| 260 | _bInstituto Mario Samamé Boggio | ||
| 260 | _c1997 | ||
| 300 | _a66 p. | ||
| 300 | _bil., graf. | ||
| 490 | _aDocumentos de Perú Minero N° 3 | ||
| 500 | _a3 ejemplares | ||
| 520 | _aTraducción y sistematización de tres folletos de Trimble Navigation, realizado como parte de la tesis preparado por el Ing. Win Yan León Siupara optar el título de Ingeniero Civil. Básicamente trata de como en el campo de la topografía, geodesia y fotogra | ||
| 650 | _aGPS | ||
| 650 | _aTOPOGRAFIA | ||
| 942 | _cLIB | ||
| 999 |
_c577 _d577 |
||